[Event "Nationale I Jeune, Vandoeuvre"]
[Site "?"]
[Date "1998.??.??"]
[Round "?"]
[White "Wendling, Jerome"]
[Black "De Vienne, Christophe"]
[Result "0-1"]
[WhiteElo "2780"]
[BlackElo "2780"]
[PlyCount "72"]
[EventDate "1998.??.??"]
[Source "www.chesslib.no"]
[SourceDate "2004.05.04"]

1. e4 e5 2. Nf3 Nc6 3. Bc4 Be7 4. d4 d6 5. Bb5 Bd7 6. d5 Nb8 7. Bxd7+ Nxd7 8. Nc3 Ngf6 9. Qd2 O-O 10. Qg5 Nc5 11. Qh4 Qd7 12. Bg5 h6 13. Be3 Ng4 14. Qg3 Nxe3 15. fxe3 c6 16. O-O-O b5 17. Kb1 b4 18. Ne2 Nxe4 19. Qe1 c5 20. c3 a5 21. Rc1 Qb5 22. Nd2 Qd3+ 23. Rc2 Qxe3 24. Nc4 Qf2 25. Nb6 Qxe1+ 26. Rxe1 Ra6 27. Nd7 Rd8 28. Nxc5 Nxc5 29. cxb4 axb4 30. Ng3 Bf8 31. Re3 Rda8 32. b3 g6 33. Rc4 Rxa2 34. Rxb4 Ra1+ 35. Kb2 R8a2+ 36. Kc3 Rc1# 0-1

[Event "Nationale I Jeune, Suce sur Erdre"]
[Site "?"]
[Date "1998.??.??"]
[Round "?"]
[White "Pottier, Alexandre"]
[Black "Delorme, Axel"]
[Result "1-0"]
[WhiteElo "2760"]
[BlackElo "2750"]
[PlyCount "98"]
[EventDate "1998.??.??"]
[Source "www.chesslib.no"]
[SourceDate "2004.05.04"]

1. e4 e5 2. Nf3 Nc6 3. Bc4 Be7 4. O-O d6 5. h3 Nf6 6. Re1 O-O 7. Nc3 Be6 8. Bb3 Nd4 9. Nxd4 exd4 10. Nd5 Nxd5 11. exd5 Bf5 12. d3 Bf6 13. Bd2 Qd7 14. Qf3 Bg6 15. c3 c5 16. dxc6 bxc6 17. cxd4 Bxd4 18. Ba4 d5 19. Rac1 Rac8 20. Rc2 Qf5 21. Qxf5 Bxf5 22. Rxc6 Rxc6 23. Bxc6 Bxd3 24. Bxd5 Bxb2 25. Bb4 Rd8 26. Re7 a6 27. Rxf7 Kh8 28. Rb7 Be5 29. Re7 Bf6 30. Re3 Bb5 31. Bb3 Rd3 32. Rxd3 Bxd3 33. g3 g5 34. Bf8 Bg7 35. Bxg7+ Kxg7 36. Kg2 Kf6 37. Kf3 Kf5 38. Bg8 Kf6 39. Ke3 Bb1 40. Kd4 Bf5 41. g4 Bg6 42. Kc5 Be4 43. Kb6 Bg2 44. Bxh7 Bxh3 45. Bf5 Bf1 46. Bc8 Be2 47. a4 Ke5 48. a5 Kf4 49. Bxa6 Bxg4 1-0

[Event "Nationale I Jeune, Vandoeuvre"]
[Site "?"]
[Date "1998.??.??"]
[Round "?"]
[White "Roesch, Remi"]
[Black "De Vienne, Christophe"]
[Result "1/2-1/2"]
[WhiteElo "2620"]
[BlackElo "2780"]
[PlyCount "38"]
[EventDate "1998.??.??"]
[Source "www.chesslib.no"]
[SourceDate "2004.05.04"]

1. e4 e5 2. Nf3 Nc6 3. Bc4 Be7 4. Nc3 d6 5. d3 Bg4 6. h3 Bh5 7. Be3 Nf6 8. Qd2 Bxf3 9. gxf3 Qd7 10. O-O-O O-O 11. Rhg1 g6 12. Bh6 Rfe8 13. Rg3 Nh5 14. Rg4 Bf8 15. Nd5 Ne7 16. Nxe7+ Rxe7 17. Rdg1 Bxh6 18. Qxh6 Nf4 19. Kb1 d5 1/2-1/2

[Event "Nationale I Jeune, Vandoeuvre"]
[Site "?"]
[Date "1998.??.??"]
[Round "?"]
[White "Marx, Nora"]
[Black "De Vienne, Christophe"]
[Result "0-1"]
[WhiteElo "2600"]
[BlackElo "2780"]
[PlyCount "158"]
[EventDate "1998.??.??"]
[Source "www.chesslib.no"]
[SourceDate "2004.05.04"]

1. e4 e5 2. Nf3 Nc6 3. Bc4 Be7 4. d4 d6 5. Nc3 Bg4 6. Na4 Bxf3 7. Qxf3 Nf6 8. d5 Nb8 9. O-O O-O 10. Qg3 Nxe4 11. Qg4 Nf6 12. Qg3 Qd7 13. Bh6 Qg4 14. Qxg4 Nxg4 15. Bd2 Nf6 16. Rfe1 Nbd7 17. Re3 a6 18. Nc3 c5 19. Rg3 Kh8 20. Re1 g6 21. Bg5 Rfe8 22. Ne4 Nxe4 23. Rxe4 Bxg5 24. Rxg5 f5 25. Re3 b5 26. Bf1 Nf6 27. Rh3 Rad8 28. Rxg6 Nxd5 29. Rgh6 Re7 30. c4 Nf4 31. Rf3 b4 32. Bd3 Nxd3 33. Rxd3 Red7 34. Rdh3 f4 35. f3 Re8 36. g3 fxg3 37. hxg3 Rf8 38. g4 Rg8 39. Rg3 Rg6 40. Rxg6 hxg6 41. Rh3+ Kg8 42. Rh6 Kf7 43. Rh7+ Ke6 44. Rh6 Kf6 45. Kh2 Kg5 46. Rh3 Kf4 47. Rh6 Kxf3 48. Rxg6 e4 49. g5 e3 50. Rf6+ Ke4 51. g6 e2 52. Re6+ Kd3 53. Kg2 Rg7 54. Kf2 Kxc4 55. Kxe2 d5 56. a4 a5 57. Kf3 d4 58. Kg4 d3 59. Kh5 d2 60. Rd6 Kb3 61. Kh6 Ra7 62. Rxd2 Kxa4 63. Rf2 c4 64. Rf7 Ra8 65. g7 Rg8 66. Kh7 Rxg7+ 67. Rxg7 c3 68. bxc3 bxc3 69. Rc7 Kb3 70. Ra7 a4 71. Rb7+ Ka2 72. Rc7 Kb2 73. Rb7+ Kc2 74. Rb4 a3 75. Ra4 Kb3 76. Ra7 a2 77. Ra6 c2 78. Rb6+ Ka3 79. Rb7 c1=Q 0-1

[Event "Biel"]
[Site "Biel"]
[Date "1995.??.??"]
[Round "11"]
[White "Shirov, Alexei"]
[Black "Campora, Daniel Hugo"]
[Result "1/2-1/2"]
[WhiteElo "2695"]
[BlackElo "2550"]
[PlyCount "23"]
[EventDate "1995.07.??"]
[Source "ChessBase"]

1. e4 e5 2. Nf3 Nc6 3. Bc4 Be7 4. d4 d6 5. dxe5 dxe5 6. Qxd8+ Bxd8 7. Nc3 Bg4 8. Be3 Nf6 9. Bb5 Nd7 10. O-O-O Ncb8 11. h3 Bxf3 12. Bxd7+ 1/2-1/2

[Event "Nationale I Jeune, Suce sur Erdre"]
[Site "?"]
[Date "1998.??.??"]
[Round "?"]
[White "Cornanguer, Erwan"]
[Black "Delorme, Axel"]
[Result "0-1"]
[WhiteElo "2430"]
[BlackElo "2750"]
[PlyCount "74"]
[EventDate "1998.??.??"]
[Source "www.chesslib.no"]
[SourceDate "2004.05.04"]

1. e4 e5 2. Nf3 Nc6 3. Bc4 Be7 4. O-O d6 5. h3 Nf6 6. Nc3 O-O 7. d3 a6 8. Bg5 b5 9. Bd5 Nxd5 10. Bxe7 Ndxe7 11. Ng5 Ng6 12. Qh5 h6 13. Nf3 Nd4 14. Nxd4 exd4 15. Nd5 c6 16. Nb4 Qb6 17. c3 dxc3 18. bxc3 a5 19. Nc2 Bd7 20. Rab1 Qd8 21. Qd1 Qg5 22. Ne3 Bxh3 23. Qf3 Nf4 24. c4 b4 25. d4 h5 26. d5 Bg4 27. Qg3 Ne2+ 28. Kh2 Nxg3 29. Kxg3 h4+ 30. Kh2 Qf4+ 31. g3 hxg3+ 32. Kg1 gxf2+ 33. Rxf2 Qxe3 34. Rd1 Bf3 35. Kh2 Qf4+ 36. Kg1 Qg3+ 37. Rg2 Qxg2# 0-1

[Event "Amantea Open"]
[Site "Amantea"]
[Date "1995.??.??"]
[Round "4"]
[White "Sveshnikov, Evgeny E"]
[Black "Giorgadze, Giorgi"]
[Result "1/2-1/2"]
[WhiteElo "2560"]
[BlackElo "2605"]
[PlyCount "36"]
[EventDate "1995.09.??"]
[Source "www.chesslib.no"]
[SourceDate "2004.05.04"]

1. e4 e5 2. Nf3 Nc6 3. Bc4 Be7 4. d4 d6 5. Nc3 Nf6 6. dxe5 Nxe5 7. Be2 O-O 8. O-O Nxf3+ 9. Bxf3 Be6 10. Bf4 Nd7 11. Qd2 Ne5 12. Be2 Nc4 13. Bxc4 Bxc4 14. Rfe1 Bf6 15. Rad1 Be6 16. Qe3 Qe8 17. Bg5 Bxc3 18. Qxc3 f6 1/2-1/2

[Event "Nationale I Jeune, Clichy"]
[Site "Clichy"]
[Date "1998.??.??"]
[Round "?"]
[White "Pays, Jorma"]
[Black "Forlani, Anthony"]
[Result "0-1"]
[WhiteElo "2520"]
[BlackElo "2620"]
[PlyCount "62"]
[EventDate "1998.??.??"]
[Source "www.chesslib.no"]
[SourceDate "2004.05.04"]

1. e4 e5 2. Nf3 Nc6 3. Bc4 Be7 4. O-O Nf6 5. Nc3 O-O 6. d3 d6 7. h3 h6 8. Bd2 Kh8 9. Re1 a6 10. Nd5 b5 11. Nxf6 Bxf6 12. Bd5 Bb7 13. Bxc6 Bxc6 14. c3 d5 15. exd5 Qxd5 16. Qc2 Rfe8 17. Re2 e4 18. dxe4 Rxe4 19. Rae1 Rxe2 20. Rxe2 Qxa2 21. Bf4 Bxf3 22. gxf3 c6 23. Be3 Re8 24. Kg2 Qe6 25. Qb1 Bd8 26. Qc2 f5 27. Rd2 Bc7 28. Bd4 Rd8 29. Re2 Qd6 30. Qxf5 Qh2+ 31. Kf1 Qh1# 0-1

[Event "Baden"]
[Site "Vienna"]
[Date "1980.??.??"]
[Round "8"]
[White "Nunn, John DM"]
[Black "Spassky, Boris V"]
[Result "1/2-1/2"]
[WhiteElo "2515"]
[BlackElo "2615"]
[PlyCount "23"]
[EventDate "1980.??.??"]
[Source "ChessBase"]

1. e4 e5 2. Nf3 Nc6 3. Bc4 Be7 4. d4 d6 5. dxe5 dxe5 6. Qxd8+ Bxd8 7. Nc3 Nf6 8. Bg5 O-O 9. O-O-O Bg4 10. Be2 Bxf3 11. Bxf3 Nd4 12. Bxf6 1/2-1/2

[Event "Vilnius zt"]
[Site "Vilnius"]
[Date "1975.??.??"]
[Round "4"]
[White "Vasiukov, Evgeni"]
[Black "Tseshkovsky, Vitaly"]
[Result "1/2-1/2"]
[WhiteElo "2560"]
[BlackElo "2555"]
[PlyCount "57"]
[EventDate "1975.??.??"]
[Source "ChessBase"]

1. e4 e5 2. Nf3 Nc6 3. Bc4 Be7 4. d4 d6 5. dxe5 dxe5 6. Qxd8+ Bxd8 7. Nc3 a6 8. Be3 Be6 9. Bxe6 fxe6 10. O-O-O h6 11. Rd2 Be7 12. Ng1 Nf6 13. f3 Nh5 14. Nge2 Bg5 15. Bxg5 hxg5 16. Nd1 Rd8 17. c3 Ke7 18. Ne3 Nf4 19. Ng3 b5 20. Kc2 Rxd2+ 21. Kxd2 Na5 22. Kc2 c5 23. Ngf1 Kd8 24. g3 Nh5 25. Rg1 Nf6 26. Rg2 Kc7 27. Nd2 Nc6 28. Ng4 c4 29. a4 1/2-1/2

[Event "POL-ch"]
[Site "Poland"]
[Date "1996.??.??"]
[Round "5"]
[White "Kuczynski, Robert"]
[Black "Krasenkow, Michal"]
[Result "1/2-1/2"]
[WhiteElo "2495"]
[BlackElo "2610"]
[PlyCount "21"]
[EventDate "1996.??.??"]
[Source "ChessBase"]

1. e4 e5 2. Nf3 Nc6 3. Bc4 Be7 4. d4 d6 5. dxe5 dxe5 6. Qxd8+ Bxd8 7. Bb5 Bd7 8. O-O Bf6 9. c3 Nge7 10. Be3 Nc8 11. Nbd2 1/2-1/2

[Event "London BBC TV-B"]
[Site "London ENG"]
[Date "1979.??.??"]
[Round "?"]
[White "Nunn, John D M"]
[Black "Hort, Vlastimil"]
[Result "1/2-1/2"]
[WhiteElo "2500"]
[BlackElo "2600"]
[PlyCount "58"]
[EventDate "1979.??.??"]
[Source "www.chesslib.no"]
[SourceDate "2004.05.04"]

1. e4 e5 2. Nf3 Nc6 3. Bc4 Be7 4. d4 d6 5. d5 Nb8 6. Bd3 Nf6 7. c4 c5 8. Nc3 Nbd7 9. h3 Nf8 10. Bc2 Ng6 11. Ba4+ Nd7 12. Ne2 Nh4 13. Nxh4 Bxh4 14. O-O O-O 15. Bxd7 Bxd7 16. a4 b6 17. Ra3 f5 18. exf5 Bxf5 19. f4 Bd7 20. fxe5 dxe5 21. Rxf8+ Qxf8 22. Rf3 Qd6 23. Nc3 Qg6 24. Kh1 Rf8 25. Rxf8+ Kxf8 26. a5 Qg3 27. axb6 axb6 28. Ne4 Qg6 29. Qf3+ Qf5 1/2-1/2

[Event "Manila PHI"]
[Site "Manila PHI"]
[Date "1974.??.??"]
[Round "?"]
[White "Vasiukov, Evgeni A"]
[Black "Gheorghiu, Florin"]
[Result "1/2-1/2"]
[WhiteElo "2560"]
[BlackElo "2540"]
[PlyCount "91"]
[EventDate "1974.??.??"]
[Source "www.chesslib.no"]
[SourceDate "2004.05.04"]

1. e4 e5 2. Nf3 Nc6 3. Bc4 Be7 4. d4 d6 5. dxe5 dxe5 6. Qxd8+ Bxd8 7. Nc3 Nf6 8. Be3 O-O 9. Bc5 Re8 10. Ng5 Be6 11. Nxe6 fxe6 12. Bb5 Nd7 13. Bxc6 bxc6 14. Ba3 Nb6 15. b3 Be7 16. Bxe7 Rxe7 17. O-O-O Kf8 18. Rd2 Rd7 19. Rxd7 Nxd7 20. Nd1 a5 21. a4 c5 22. Nb2 Nb6 23. Rd1 c4 24. bxc4 Ke7 25. c5 Nd7 26. Nd3 Ra6 27. Kb2 Rc6 28. Ka3 Kf6 29. Kb3 Nxc5+ 30. Nxc5 Rxc5 31. Rd7 Rc6 32. c3 h6 33. f3 g5 34. g3 Kg6 35. h3 Rb6+ 36. Kc2 Rc6 37. Rd8 Rc4 38. Kb3 Rc6 39. Ra8 Rc5 40. Rb8 Rc6 41. Rb5 Ra6 42. Rc5 c6 43. Rxe5 Kf6 44. f4 Rb6+ 45. Kc2 Ra6 46. Kd3 1/2-1/2

[Event "EU-ch 2nd"]
[Site "Ohrid"]
[Date "2001.06.01"]
[Round "1"]
[White "Iordachescu, Viorel"]
[Black "Djuric, Stefan"]
[Result "1-0"]
[WhiteElo "2589"]
[BlackElo "2483"]
[PlyCount "79"]
[EventDate "2001.06.01"]
[Source "ChessBase"]
[SourceDate "2001.09.13"]

1. e4 e5 2. Nf3 Nc6 3. Bc4 Be7 4. O-O d6 5. Re1 Nf6 6. d3 Na5 7. Bd5 O-O 8. a3 Nxd5 9. exd5 b5 10. d4 Bg4 11. dxe5 dxe5 12. h3 Bxf3 13. Qxf3 Nc4 14. Nc3 Qd7 15. b3 Nb6 16. Rxe5 Bf6 17. Rh5 Bxc3 18. Qxc3 Nxd5 19. Qd3 f5 20. Bb2 Rad8 21. Rg5 g6 22. Re1 Nf6 23. Qg3 c5 24. Kh2 Qg7 25. Re6 Rd5 26. Qf3 Qc7+ 27. g3 Qd7 28. Rxf6 Rxf6 29. Bxf6 Kf7 30. Bc3 a5 31. Rg4 b4 32. axb4 axb4 33. Rh4 h5 34. Bb2 Rd1 35. Rc4 Rb1 36. Be5 Qd8 37. Rxc5 Rd1 38. Rc7+ Ke6 39. Bf4 Qd5 40. Qe3+ 1-0

[Event "Moscow2"]
[Site "Moscow"]
[Date "1995.??.??"]
[Round "?"]
[White "Sveshnikov, Evgeny"]
[Black "Balashov, Yuri S"]
[Result "1/2-1/2"]
[WhiteElo "2560"]
[BlackElo "2505"]
[PlyCount "33"]
[EventDate "1995.04.??"]
[Source "ChessBase"]

1. e4 e5 2. Nf3 Nc6 3. Bc4 Be7 4. d4 d6 5. dxe5 dxe5 6. Qd5 Qxd5 7. exd5 Nb4 8. Na3 Nf6 9. Bg5 Nbxd5 10. Bxd5 Nxd5 11. Bxe7 Kxe7 12. Nxe5 f6 13. O-O-O Rd8 14. Nd3 Bf5 15. Nb5 c6 16. Nd4 Bxd3 17. Rxd3 1/2-1/2

[Event "Benasque op"]
[Site "Benasque"]
[Date "1996.??.??"]
[Round "4"]
[White "Narciso Dublan, Marc"]
[Black "Giorgadze, Giorgi"]
[Result "1/2-1/2"]
[WhiteElo "2470"]
[BlackElo "2580"]
[PlyCount "57"]
[EventDate "1996.07.??"]
[Source "ChessBase"]

1. e4 e5 2. Nf3 Nc6 3. Bc4 Be7 4. d4 d6 5. dxe5 dxe5 6. Qxd8+ Bxd8 7. Be3 f6 8. a3 Nge7 9. h3 Bd7 10. Nc3 Nc8 11. O-O-O Nd6 12. Ba2 b6 13. Rd3 Ne7 14. Nd2 Bc6 15. Rd1 Bb7 16. Nc4 Nxc4 17. Bxc4 a6 18. f4 exf4 19. Bxf4 Ng6 20. Bg3 b5 21. Ba2 Bc6 22. Nd5 Ne5 23. Rc3 Bxd5 24. Bxd5 Rb8 25. Bf2 b4 26. axb4 Rxb4 27. Rd4 Rxd4 28. Bxd4 Kd7 29. Rg3 1/2-1/2

[Event "London NWYM"]
[Site "London"]
[Date "1988.??.??"]
[Round "?"]
[White "Kosten, Anthony C"]
[Black "Rogers, Ian"]
[Result "1/2-1/2"]
[WhiteElo "2510"]
[BlackElo "2540"]
[PlyCount "54"]
[EventDate "1988.??.??"]
[Source "ChessBase"]

1. e4 e5 2. Nf3 Nc6 3. Bc4 Be7 4. O-O d6 5. c3 Nf6 6. d3 O-O 7. Bb3 h6 8. h3 Na5 9. Bc2 c5 10. Nbd2 Re8 11. a3 b5 12. b4 cxb4 13. axb4 Nc6 14. d4 exd4 15. Nxd4 Bd7 16. N2b3 Bf8 17. Re1 a5 18. Nxb5 Qb8 19. N3d4 Nxd4 20. Nxd4 axb4 21. Rb1 d5 22. exd5 Nxd5 23. Bd2 Qa7 24. Bb3 Rxe1+ 25. Bxe1 Nxc3 26. Bxc3 bxc3 27. Qf3 Be8 1/2-1/2

[Event "XIX Czech Chladek & Tintera A Open"]
[Site "Pardubice CEC"]
[Date "2008.07.24"]
[Round "7"]
[White "Chuprov, D."]
[Black "Simacek, P."]
[Result "1-0"]
[WhiteElo "2577"]
[BlackElo "2470"]
[PlyCount "75"]
[EventDate "2008.07.18"]
[Source "www.chesslib.no"]
[SourceDate "2004.05.04"]

1. e4 e5 2. Nf3 Nc6 3. Bc4 Be7 4. d4 d6 5. d5 Nb8 6. Bd3 h6 7. c4 Bg5 8. Nxg5 hxg5 9. Nc3 a5 10. Be3 Na6 11. a3 Bd7 12. Rb1 Nc5 13. Bc2 b6 14. b4 Nb7 15. Ba4 f6 16. Bc6 Qc8 17. c5 bxc5 18. Bxb7 Qxb7 19. bxc5 Qa6 20. c6 Bc8 21. Nb5 Kd8 22. a4 Ne7 23. Qd2 Bg4 24. f3 Bh5 25. O-O g4 26. f4 exf4 27. Rxf4 Ng6 28. Rf2 g3 29. hxg3 Rb8 30. Bd4 Re8 31. Re1 Bg4 32. Qc3 Ra8 33. Bxf6+ gxf6 34. Qxf6+ Ne7 35. e5 dxe5 36. d6 Qb6 37. dxe7+ Kc8 38. Qg6 1-0

[Event "Clarin GP-f"]
[Site "Villa Gesell"]
[Date "1997.03.02"]
[Round "1"]
[White "Rodriguez, Andres"]
[Black "Hoffman, Alejandro"]
[Result "1/2-1/2"]
[WhiteElo "2565"]
[BlackElo "2480"]
[PlyCount "25"]
[EventDate "1997.03.02"]
[Source "ChessBase"]

1. e4 e5 2. Nf3 Nc6 3. Bc4 Be7 4. d4 d6 5. c3 Nf6 6. dxe5 Nxe5 7. Nxe5 dxe5 8. Qe2 O-O 9. O-O c6 10. Nd2 b5 11. Bb3 Qc7 12. Nf3 Nd7 13. Bg5 1/2-1/2

[Event "35th World Open"]
[Site "King of Prussia USA"]
[Date "2007.06.01"]
[Round "4"]
[White "Sandipan, C."]
[Black "Lapshun, Y."]
[Result "1/2-1/2"]
[WhiteElo "2552"]
[BlackElo "2479"]
[PlyCount "40"]
[EventDate "2007.06.30"]
[Source "www.chesslib.no"]
[SourceDate "2004.05.04"]

1. e4 e5 2. Nf3 Nc6 3. Bc4 Be7 4. d4 d6 5. h3 Nf6 6. d5 Nb8 7. Nc3 O-O 8. Be3 Nbd7 9. Qd2 c6 10. Bb3 Nb6 11. Rd1 cxd5 12. exd5 Re8 13. O-O Bd7 14. Qe2 h6 15. Nb1 Na4 16. c4 Qa5 17. Bxa4 Bxa4 18. b3 Bd7 19. Qb2 b6 20. Qa3 Qxa3 1/2-1/2

[Event "Moscow RUS"]
[Site "?"]
[Date "2002.??.??"]
[Round "1"]
[White "Khruschiov Alexey"]
[Black "Smagin Sergey B"]
[Result "1-0"]
[WhiteElo "2392"]
[BlackElo "2613"]
[PlyCount "104"]
[EventDate "2002.??.??"]
[Source "www.chesslib.no"]
[SourceDate "2004.05.04"]

1. e4 e5 2. Nf3 Nc6 3. Bc4 Be7 4. d4 d6 5. dxe5 dxe5 6. Nbd2 Nf6 7. O-O O-O 8. c3 a5 9. Bb5 Na7 10. Be2 Nc6 11. Qc2 Nd7 12. Nc4 Bc5 13. Rd1 Qe7 14. Ne3 Nf6 15. h3 Nd8 16. Nc4 Nd7 17. a4 Ne6 18. g3 f6 19. h4 Qe8 20. Ne3 Kh8 21. Nf5 Nb6 22. Bb5 Qf7 23. Kg2 Rd8 24. Bd2 Nd7 25. b3 Ndf8 26. Bc4 Qe8 27. Rh1 h5 28. Bd5 Bb6 29. Rad1 Nc5 30. Ne3 c6 31. Bc4 Qg6 32. b4 Nce6 33. Nf5 Qe8 34. Be3 Bxe3 35. fxe3 axb4 36. cxb4 g6 37. Nd6 Qe7 38. Nf7+ Qxf7 39. Rxd8 Qe7 40. Rd2 Qxb4 41. Ra1 Nc5 42. Bd3 Be6 43. Rb1 Qa3 44. Qd1 Qxa4 45. Bc2 Qa5 46. Nh2 b5 47. Rf2 Rd8 48. Qf3 Nh7 49. g4 b4 50. Rbf1 b3 51. Bb1 Bf7 52. g5 Bc4 1-0

[Event "Olimpiadi 2008 - open"]
[Site "Dresda GER"]
[Date "2008.11.25"]
[Round "11"]
[White "Chandler, M."]
[Black "Lima, Da"]
[Result "1-0"]
[WhiteElo "2515"]
[BlackElo "2488"]
[PlyCount "83"]
[EventDate "2008.11.13"]
[Source "www.chesslib.no"]
[SourceDate "2004.05.04"]

1. e4 e5 2. Nf3 Nc6 3. Bc4 Be7 4. d4 d6 5. dxe5 Nxe5 6. Nxe5 dxe5 7. Qh5 g6 8. Qxe5 Nf6 9. Nc3 Qd6 10. Qxd6 Bxd6 11. f4 Bb4 12. Bd2 Be6 13. Bd3 O-O-O 14. O-O-O Ng4 15. Rdf1 f5 16. h3 Nf6 17. exf5 Bxf5 18. Rf3 h5 19. Re1 Rhf8 20. a3 Ba5 21. Re5 Bxc3 22. Bxc3 Nd5 23. Bd2 Bxd3 24. cxd3 Rd6 25. f5 c6 26. Bg5 gxf5 27. Rfxf5 Rxf5 28. Rxf5 Rg6 29. g3 Kd7 30. Bh4 Rg7 31. Rxh5 Rf7 32. Bg5 Rf3 33. g4 Rxd3 34. Bd2 Ke6 35. Rh7 b5 36. h4 Ke5 37. h5 Kd4 38. Rf7 Rh3 39. Rf1 Kd3 40. h6 Nf6 41. g5 Ne4 42. Rd1 1-0

[Event "Hastings 8182"]
[Site "Hastings"]
[Date "1981.??.??"]
[Round "13"]
[White "Taulbut, Shaun M"]
[Black "Smyslov, Vassily"]
[Result "1/2-1/2"]
[WhiteElo "2420"]
[BlackElo "2580"]
[PlyCount "48"]
[EventDate "1981.12.??"]
[Source "ChessBase"]

1. e4 e5 2. Nf3 Nc6 3. Bc4 Be7 4. d4 d6 5. dxe5 dxe5 6. Bd5 Bd7 7. O-O Nf6 8. Nc3 Bd6 9. Bg5 h6 10. Be3 O-O 11. Bxc6 Bxc6 12. Qd3 Qe8 13. a4 Bb4 14. Qc4 Bxc3 15. Qxc3 Nxe4 16. Qxe5 Nd6 17. Qf4 Qe4 18. Qxe4 Bxe4 19. Nd2 Bf5 20. Bf4 Rfd8 21. c3 f6 22. Rfe1 Kf7 23. Nb3 g5 24. Bg3 Bg6 1/2-1/2

[Event "Yangon schev"]
[Site "Yangon"]
[Date "1999.02.08"]
[Round "9"]
[White "Thein, Dan Oo"]
[Black "Wong Meng Kong"]
[Result "0-1"]
[WhiteElo "2539"]
[BlackElo "2459"]
[PlyCount "46"]
[EventDate "1999.01.??"]
[Source "www.chesslib.no"]
[SourceDate "2004.05.04"]

1. e4 e5 2. Nf3 Nc6 3. Bc4 Be7 4. O-O Nf6 5. d4 d6 6. c3 O-O 7. Re1 Bg4 8. d5 Nb8 9. h3 Bc8 10. Bb3 Kh8 11. Bc2 Ng8 12. c4 a5 13. Nc3 Na6 14. b3 Nc5 15. Rb1 f5 16. exf5 Bxf5 17. a3 Qe8 18. b4 axb4 19. axb4 Na4 20. Nxa4 Bxc2 21. Qxc2 Qxa4 22. Qd3 Rf7 23. Bg5 Rxf3 0-1

[Event "Pardubice Komercni Banka op"]
[Site "Pardubice"]
[Date "1999.07.23"]
[Round "8"]
[White "Sermek, D."]
[Black "El Taher, F."]
[Result "0-1"]
[WhiteElo "2545"]
[BlackElo "2446"]
[PlyCount "92"]
[EventDate "1999.07.11"]
[Source "www.chesslib.no"]
[SourceDate "2004.05.04"]

1. e4 e5 2. Nf3 Nc6 3. Bc4 Be7 4. d4 d6 5. dxe5 dxe5 6. Qxd8+ Bxd8 7. Nc3 Bg4 8. Be3 a6 9. O-O-O Nf6 10. h3 Bh5 11. g4 Bg6 12. Bd5 Nd7 13. g5 Bh5 14. Nh4 Bxd1 15. Rxd1 g6 16. Bxf7+ Kxf7 17. Rxd7+ Ke8 18. Rd1 Rf8 19. Nd5 Nd4 20. c3 Ne6 21. Rg1 c6 22. Nb4 Nf4 23. Rg4 a5 24. Bxf4 Rxf4 25. Rxf4 Bxg5 26. Nd3 Ke7 27. Nf3 Bxf4+ 28. Kd1 Kd6 29. h4 h6 30. Ke2 a4 31. c4 b6 32. a3 Rg8 33. Kf1 g5 34. hxg5 hxg5 35. Kg1 Rh8 36. Nfe1 g4 37. Ng2 Rh3 38. Ngxf4 exf4 39. e5+ Kd7 40. Nxf4 Rb3 41. Kg2 Rxb2 42. Kg3 Ra2 43. Kxg4 Rxf2 44. Kf5 b5 45. cxb5 cxb5 46. Ke4 Rxf4+ 0-1

[Event "Gistrup"]
[Site "Gistrup"]
[Date "1996.??.??"]
[Round "2"]
[White "Yakovich, Yuri"]
[Black "Kovalev, Andrei"]
[Result "1-0"]
[WhiteElo "2530"]
[BlackElo "2450"]
[PlyCount "85"]
[EventDate "1996.07.15"]
[Source "ChessBase"]

1. e4 e5 2. Nf3 Nc6 3. Bc4 Be7 4. d4 d6 5. dxe5 dxe5 6. Qxd8+ Bxd8 7. Nc3 Nf6 8. Be3 Ng4 9. Bd2 O-O 10. h3 Nf6 11. O-O-O Nd7 12. Nd5 Nb6 13. Bb3 Nd7 14. Bg5 Nf6 15. Bxf6 gxf6 16. c3 Kg7 17. Nh4 Ne7 18. Ne3 c6 19. Rd3 Bb6 20. Rhd1 a5 21. a4 Bc5 22. R1d2 b5 23. axb5 cxb5 24. Nd5 Ra6 25. Nxe7 Bxe7 26. Nf5+ Bxf5 27. exf5 Rc8 28. Rd7 a4 29. Ba2 Kf8 30. Rb7 b4 31. Rdd7 b3 32. Bxb3 axb3 33. Rxe7 Rd8 34. Rxf7+ Kg8 35. Rg7+ Kf8 36. Rbf7+ Ke8 37. Ra7 Kf8 38. Rxh7 Rxa7 39. Rxa7 Rd3 40. Rb7 e4 41. Rxb3 Rd5 42. g4 Rd3 43. Rb4 1-0

[Event "Paks Cup GM"]
[Site "Paks"]
[Date "2004.08.22"]
[Round "2"]
[White "Nevednichy, Vladislav"]
[Black "Simacek, Pavel"]
[Result "1/2-1/2"]
[WhiteElo "2538"]
[BlackElo "2439"]
[PlyCount "46"]
[EventDate "2004.08.21"]
[Source "Roberto Alvarez"]
[SourceDate "2004.09.15"]

1. e4 e5 2. Nf3 Nc6 3. Bc4 Be7 4. O-O Nf6 5. d3 O-O 6. Re1 d6 7. a4 Na5 8. Ba2 c5 9. Bg5 Be6 10. Bxf6 Bxf6 11. Nc3 Bxa2 12. Rxa2 g6 13. Nd5 Bg7 14. c3 Nc6 15. Qb3 Rb8 16. Nd2 Ne7 17. a5 Bh6 18. Nxe7+ Qxe7 19. Nc4 Rfd8 20. Raa1 d5 21. exd5 Rxd5 22. Re2 Qc7 23. Rae1 Bg7 1/2-1/2

[Event "Torneo GM"]
[Site "Marianske Lazne CEC"]
[Date "2009.01.24"]
[Round "10"]
[White "Roganovic, Milos"]
[Black "Ivanov, Mikhail M"]
[Result "1-0"]
[WhiteElo "2475"]
[BlackElo "2497"]
[PlyCount "77"]
[EventDate "2009.01.17"]
[Source "www.chesslib.no"]
[SourceDate "2004.05.04"]

1. e4 e5 2. Nf3 Nc6 3. Bc4 Be7 4. d4 exd4 5. c3 Nf6 6. e5 Ng4 7. cxd4 d5 8. Bd3 Nb4 9. h3 Nxd3+ 10. Qxd3 Nh6 11. Bxh6 gxh6 12. Nc3 c6 13. O-O Be6 14. a3 Qd7 15. Kh2 h5 16. b4 Bf5 17. Qe3 h6 18. Ne2 O-O-O 19. Nf4 Bg5 20. h4 Bxf4+ 21. Qxf4 Qe6 22. a4 Rhg8 23. b5 Rg4 24. Qe3 Be4 25. g3 Rdg8 26. bxc6 bxc6 27. Rfc1 R8g6 28. Ra3 Qf5 29. Qe2 Kd8 30. Rb3 Ke7 31. Rcc3 Kf8 32. Rb7 a5 33. Ra7 Rf4 34. e6 fxe6 35. Rb3 Kg8 36. Rb8+ Qf8 37. Rxf8+ Rxf8 38. Ne5 Rgf6 39. f4 1-0

[Event "Cup Independence"]
[Site "Kyiv"]
[Date "2004.08.21"]
[Round "11.2"]
[White "Vysochin, Spartak"]
[Black "Simantsev, Mikhail"]
[Result "1-0"]
[WhiteElo "2599"]
[BlackElo "2371"]
[PlyCount "65"]
[EventDate "2004.08.11"]
[Source "Roberto Alvarez"]
[SourceDate "2004.08.30"]

1. e4 e5 2. Nf3 Nc6 3. Bc4 Be7 4. d4 exd4 5. c3 Nf6 6. e5 Ne4 7. Bd5 Nc5 8. cxd4 Ne6 9. Bb3 Na5 10. d5 Nxb3 11. axb3 Nc5 12. b4 Na6 13. b5 Nc5 14. b4 Ne4 15. Qe2 f5 16. O-O O-O 17. b6 d6 18. Rxa7 Rb8 19. bxc7 Qxc7 20. e6 Qb6 21. Ra4 Qc7 22. Qb5 b6 23. Be3 Bb7 24. Rc1 Qd8 25. Ra7 Nf6 26. Bxb6 Qe8 27. Qxe8 Rfxe8 28. Bc7 Rec8 29. Rc3 Ra8 30. Rxb7 Nxd5 31. g3 Ra1 32. Rc1 Nxc7 33. Rcxc7 1-0

[Event "Yangon schev"]
[Site "Yangon"]
[Date "1999.02.02"]
[Round "3"]
[White "Khin Thaung"]
[Black "Wong Meng Kong"]
[Result "0-1"]
[WhiteElo "2509"]
[BlackElo "2459"]
[PlyCount "62"]
[EventDate "1999.01.??"]
[Source "www.chesslib.no"]
[SourceDate "2004.05.04"]

1. e4 e5 2. Nf3 Nc6 3. Bc4 Be7 4. d4 d6 5. dxe5 dxe5 6. Qxd8+ Bxd8 7. Nc3 Nf6 8. Bb5 O-O 9. Bxc6 bxc6 10. Bg5 Re8 11. O-O-O h6 12. Bh4 Bg4 13. Rd3 Nxe4 14. Bxd8 Nxf2 15. Bh4 Nxh1 16. Re3 e4 17. Nd4 Bd7 18. Re1 g5 19. Nxe4 Kg7 20. Nc5 gxh4 21. Rxh1 Rad8 22. c3 Bc8 23. Rf1 Rd6 24. Nd3 c5 25. Nxc5 Rg6 26. Rf2 Re1+ 27. Kd2 Rg1 28. Nb5 R1xg2 29. Ke3 Rxf2 30. Kxf2 a6 31. Nd4 h3 0-1